Statistics for Famous Siblings in Sports

Click here to take the quiz!

General Stats

  • This quiz has been taken 68 times
    (48 since last reset)
  • The average score is 9 of 20

Answer Stats

First NamesAnswer% Correct
Serena, Venus (Tennis)Williams
100%
Peyton, Eli (NFL)Manning
81%
Pau, Marc (NBA)Gasol
72%
Stephen, Seth (NBA)Curry
70%
Case, Clay (NFL)Matthews
53%
Reggie, Cheryl (Professional Basketball)Miller
51%
Cal Jr., Billy (MLB)Ripken
51%
Rex, Rob (NFL Coaches)Ryan
49%
Dominique, Gerald (NBA)Wilkins
49%
Phil, Tony (NHL)Esposito
47%
Goran, Zoran (NBA)Dragić
42%
Scooter, John, Brent, Drew (NBA)Barry
35%
Miles, Mason, Marshall (NBA)Plumlee
35%
Luke, Tyler, Cody (NBA)Zeller
35%
Henrik, Daniel (NHL)Sedin
33%
Jordan, Eric, Marc (NHL)Staal
33%
Chris, Kyle (NFL)Long
30%
Phil, Amanda (Professional Hockey)Kessel
28%
Yaya, Kolo, Ibrahim (Professional Soccer)Touré
28%
Mikko, Saku (NHL)Koivu
26%

Score Distribution

Percentile by Number Answered

Percent of People with Each Score

Your Score History

You have not taken this quiz since the last reset